| 000 | 03550nam0a2200385 4500 | ||
|---|---|---|---|
| 001 | RU\NLR\BIBL_A\011866694 | ||
| 005 | 20190311120119.0 | ||
| 010 |
_a978-5-9967-1408-7 _9150 |
||
| 021 |
_aRU _bКН-П-18-081230 _9КН-П-18-5883 |
||
| 035 | _a(NLR Aleph) 011866694 | ||
| 035 | _a(RuMoRGB)009721108 | ||
| 090 |
_a12182426 _c12182426 |
||
| 100 | _a20181120d2018 k y0rusy50 ca | ||
| 101 | 0 |
_arus _deng |
|
| 102 | _aRU | ||
| 105 | _aa|||z|||100zy | ||
| 200 | 1 |
_aЭкология, здоровье и безопасность в современном образовательном пространстве _eсборник научных трудов по результатам Всероссийской научно-практической конференции с международным участием _fМинистерство образования и науки Российской Федерации, Федеральное государственное бюджетное образовательное учреждение высшего образования "Магнитогорский государственный технический университет им. Г. И. Носова", Институт гуманитарного образования, Международная академия наук экологии и безопасности жизнедеятельности, ассоциированная с Департаментом общественной информации ООН и ЭКОСОС (Магнитогорское региональное отделение) _g[отв. редактор - И. А. Кувшинова] |
|
| 210 |
_aМагнитогорск _cИздательский центр ФГБОУ ВО "МГТУ им. Г.И. Носова" _d2018 |
||
| 215 |
_a202 с. _cил., табл. _d21 |
||
| 300 | _aРез. англ. | ||
| 320 | _aБиблиогр. в конце ст. | ||
| 606 | 1 |
_aШкольники _jСъезды, совещания и т.п _xВоспитание культуры безопасности жизнедеятельности _92156312 _3RU\NLR\AUTH\661602783 |
|
| 606 | 1 |
_aШкольники _jСъезды, совещания и т.п _xВоспитание здорового образа жизни _92449504 _3RU\NLR\AUTH\661456503 |
|
| 606 | 1 |
_aДети с ограниченными возможностями здоровья _jСъезды, совещания и т.п _xКоррекционно-развивающее обучение _92168377 _3RU\NLR\AUTH\6601541219 |
|
| 686 | 1 | _aЧ421.35я431 | |
| 686 | 1 | _aЧ430.1я431 | |
| 702 | 1 |
_aКувшинова _bИ. А. _gИрина Александровна _4340 |
|
| 711 | 1 | 2 |
_a"Экология, здоровье и безопасность в современном образовательном пространстве", всероссийская научно-практическая конференция с международным участием _eМагнитогорск _f2018 _9637258 _3RU\NLR\AUTH\880488424 |
| 712 | 0 | 2 |
_4557 _aМагнитогорский государственный технический университет им. Г. И. Носова _bИнститут гуманитарного образования _9577508 _3RU\NLR\AUTH\880457171 |
| 942 | _cBOOK | ||
| 980 | _aNBR | ||
| 980 | _aNB | ||